书目信息 |
| 题名: |
生活反光镜
|
|
| 作者: | 冯明青 , 张植信 著 | |
| 分册: | ||
| 出版信息: | 沈阳 辽宁人民出版社 1988.6 |
|
| 页数: | 141页 | |
| 开本: | 19cm | |
| 丛书名: | 当代军人文库 | |
| 单 册: | ||
| 中图分类: | D432.62 | |
| 科图分类: | 33.42 | |
| 主题词: | 社会主义法制--教育--青年读物 | |
| 电子资源: | ||
| ISBN: | 7-205-00325-3 | |
| 000 | 00773oam2 2200265 450 | |
| 001 | 0188015780 | |
| 005 | 20130329125009.0 | |
| 010 | @a7-205-00325-3@dCNY1.65 | |
| 011 | @a7-205-00325-3 | |
| 100 | @a20130329d1988 em y0chiy0110 ea | |
| 101 | 0 | @achi |
| 102 | @aCN@b210000 | |
| 105 | @ay z 000zy | |
| 200 | 1 | @a生活反光镜@9Sheng Huo Fan Guang Jing @f冯明青,张植信著 |
| 210 | @a沈阳@c辽宁人民出版社@d1988.6 | |
| 215 | @a141页@d19cm | |
| 225 | 2 | @a当代军人文库@f陈志强等编 |
| 461 | 0 | @12001 @a当代军人文库 |
| 606 | 0 | @a社会主义法制@x教育@x青年读物 |
| 690 | @aD432.62@v1980 | |
| 692 | @a33.42@v1974 | |
| 701 | 0 | @a冯明青@9feng ming qing@4著 |
| 701 | 0 | @a张植信@9zhang zhi xin@4著 |
| 801 | 0 | @aCN@b91MARC@c20130904 |
| 905 | @aBZT@dD432.62@e247@f1@sD432.62/247 | |
| 生活反光镜/冯明青,张植信著.-沈阳:辽宁人民出版社,1988.6 |
| 141页;19cm.-(当代军人文库/陈志强等编) |
| ISBN 7-205-00325-3:CNY1.65 |
| ● |
| 相关链接 |
|
|
|
正题名:生活反光镜
索取号:D432.62/247
 
预约/预借
| 序号 | 登录号 | 条形码 | 馆藏地/架位号 | 状态 | 备注 |
| 1 | 2000143049 | 2000143049 | 旧书回溯/ [索取号:D432.62/247] | 在馆 |